The great oildorado; the gaudy and turbulent years of the first oil rush: Pennsylvania, 1859-1880.

Saved in:
Bibliographic Details
Main Author: Dolson, Hildegarde
Format: Book
Language:English
Published: New York, Random House [1959]
Subjects:
LEADER 00959nam a2200265 4500
001 c000018990
003 CARM
005 00000000000000.0
008 s1959 nyu b 00000 eng
010 |a 59005732 /L 
019 1 |a 7827517  |5 LACONCORD2021 
035 |a (OCoLC)476557  |5 LACONCORD2021 
043 |a n-us-pa 
050 0 0 |a F153  |b .D63 
100 1 |a Dolson, Hildegarde. 
245 1 4 |a The great oildorado;  |b the gaudy and turbulent years of the first oil rush: Pennsylvania, 1859-1880. 
260 |a New York,  |b Random House  |c [1959] 
300 |a 300 p.  |c 22 cm. 
504 |a Includes bibliography. 
650 0 |a Petroleum  |z Pennsylvania. 
651 0 |a Pennsylvania  |x Social life and customs. 
852 8 |b CARM  |h A2:AF31E0  |i B01379  |p 0066657  |f BK 
082 0 4 |a 917.4896 
999 f f |i 097fc212-d443-594f-9eff-83c4da1d69e9  |s 7dd235ce-2736-5c5d-81b6-9db31ad72a21 
952 f f |p Can circulate  |a CAVAL  |b CAVAL  |c CAVAL  |d CARM 1 Store  |e B01379  |f A2:AF31E0  |h Other scheme  |i book  |m 0066657